সংস্কৃত সাহিত্যে নীতিকথা ও বর্তমান প্রাসঙ্গিকতা / (Record no. 82967)
[ view plain ]
| 000 -LEADER | |
|---|---|
| fixed length control field | 01574nam a2200253 a 4500 |
| 001 - CONTROL NUMBER | |
| RUCL Control Number | 82967 |
| 003 - CONTROL NUMBER IDENTIFIER | |
| rucl marc code | BD-RjUL |
| 005 - DATE AND TIME OF LATEST TRANSACTION | |
| control field | 20240206100144.0 |
| 008 - FIXED-LENGTH DATA ELEMENTS--GENERAL INFORMATION | |
| fixed length control field | 240206s2021 bg a|||| m||| 00| 0 ben d |
| 035 ## - SYSTEM CONTROL NUMBER | |
| system control number | (BD-RjUL)82967 |
| 040 ## - CATALOGING SOURCE | |
| Original cataloging agency | BD-RjUL |
| Language of cataloging | ben/eng |
| Transcribing agency | BD-RjUL |
| Modifying agency | BD-RjUL |
| 041 ## - LANGUAGE CODE | |
| Language code of Book | ben |
| 082 ## - DEWEY DECIMAL CLASSIFICATION NUMBER | |
| DDC Edition number | 23 |
| Classification number | 891.2 |
| Author mark and Year | MAS 2021 |
| 100 ## - MAIN ENTRY--PERSONAL NAME | |
| Personal name | মজুমদার, শ্রাবন্তী |
| 9 (RLIN) | 11480 |
| 245 10 - TITLE STATEMENT | |
| Title | সংস্কৃত সাহিত্যে নীতিকথা ও বর্তমান প্রাসঙ্গিকতা / |
| Statement of responsibility, etc | শ্রাবন্তী মজুমদার |
| Name of Supervisor/Co-Supervisor | গবেষণা তত্ত্বাবধায়ক : নিখিল রঞ্জন বিশ্বাস |
| 260 ## - PUBLICATION, DISTRIBUTION, ETC. (IMPRINT) | |
| Place of publication, distribution, etc | রাজশাহী : |
| Name of publisher, distributor, etc | ইনস্টিটিউট অব বাংলাদেশ স্টাডিজ,রাজশাহী বিশ্ববিদ্যালয় |
| Date of publication, distribution, etc | ২০২১ |
| 300 ## - PHYSICAL DESCRIPTION | |
| Pagination | [২], xi, ১২৮ পাতা : |
| Other physical details | চিত্র.; |
| Dimensions | ২৯ সেমি. |
| 502 ## - DISSERTATION NOTE | |
| Dissertation note | থিসিস(এম.ফিল.)-- ইনস্টিটিউট অব বাংলাদেশ স্টাডিজ,রাজশাহী বিশ্ববিদ্যালয়,২০২১ |
| 504 ## - BIBLIOGRAPHY, ETC. NOTE | |
| Bibliography, etc | গ্রন্থপঞ্জি : পাতা ১১৯-১২২ |
| 650 ## - SUBJECT ADDED ENTRY--TOPICAL TERM | |
| Topical term or geographic name as entry element | সংস্কৃত সাহিত্য |
| 9 (RLIN) | 523 |
| Topical term or geographic name as entry element | Sanskrit literature |
| 9 (RLIN) | 524 |
| 700 ## - ADDED ENTRY--SUPERVISOR/CO-SUPERVISOR NAME | |
| Personal name | বিশ্বাস, নিখিল রঞ্জন, গবেষণা তত্ত্বাবধায়ক |
| 9 (RLIN) | 11481 |
| 942 ## - ADDED ENTRY ELEMENTS (KOHA) | |
| Source of classification or shelving scheme | Dewey Decimal Classification |
| Koha item type | Theses |
| Source of classification or shelving scheme | Damaged status | Not for loan | Collection code | Permanent Location | Current Location | Shelving location | Date of accession | Source of acquisition | Total Checkouts | Full call number | Barcode | Date last seen | Copy number | Thesis |
|---|---|---|---|---|---|---|---|---|---|---|---|---|---|---|
| Dewey Decimal Classification | Not For Loan | Theses | Central Library, University of Rajshahi | Central Library, University of Rajshahi | Documentation Section | 13/02/2023 | Controller of Exam. R.U. | BTHE 891.2 MAS 2021 | D4638 | 06/02/2024 | C-1 | Theses |